01556cam a2200349 a 4500001001400000003000800014005001700022006001900039007001500058008004100073020003800114040003000152049002600182050002200208082001400230100002400244245009300268260006300361300004500424504005100469520033800520521001700858588004700875650003300922650002200955655002900977710001601006776003501022856011401057942001601171999001901187EDZ0000082908StDuBDS20161031105207.0m||||||||d||||||||cr |||||||||||120427s2010 caua fo| 001|0|eng d a9781452219066 (ebook) :cNo price aStDuBDSbengcStDuBDSepn aAlfaisal Main Library 0aQ181b.M1753 201004a507.12231 aMarcarelli, Kellie.10aTeaching science with interactive notebooksh[electronic resource] /cKellie Marcarelli. aThousand Oaks, Calif. :bCorwin ;aLondon :bSAGE,cc2010. a1 online resource (xvii, 173 p.) :bill. aIncludes bibliographical references and index.8 a'Teaching Science With Interactive Notebooks' gives science teachers everything they need to incorporate interactive notebooks into classroom teaching & learning. All of the how-to is here for using notebooks to promote deeper student learning critical & scientific thinking, & reinforcement of learning throughout the academic year. aSpecialized. aDescription based on print version record. 0aSciencexStudy and teaching. 0aSchool notebooks. 7aElectronic books.2local2 aSage eBooks08iPrint version :z978141295403740uhttp://ezproxy.alfaisal.edu/login?url=http://sk.sagepub.com/books/teaching-science-with-interactive-notebooks 2lcccEBOOKS c481413d481413